| 000 | 00594nam a2200205Ia 4500 | ||
|---|---|---|---|
| 003 | GCL | ||
| 008 | 140319s9999 xx 000 0 eng d | ||
| 040 |
_aGCL / _cGCL |
||
| 082 | 0 | 4 |
_a658.5 _bB T |
| 100 | 1 | _aBRAUER, DAUGLAS C. | |
| 245 | 1 | 0 |
_aTOTAL MANUFACTURING ASSURANCE: CONTROLLING PRODUCT RELIABILITY, SAFETY AND QUALITY / _cBRAUER, DAUGLAS C. |
| 700 | 1 | _aCESARONE, JOHN | |
| 260 |
_a[S.N] : _bMARCEL DEKKER, INC ، _c1991 |
||
| 300 | _a231 P | ||
| 650 | 0 | 4 | _aMANAGEMENT |
| 650 | 0 | 4 | _aPRODUCT - MANAGEMENT |
| 650 | 0 | 4 | _aQUALITY CONTROL |
| 650 | 0 | 4 | _aMANUFACTURING |
| 942 |
_2ddc _cBK |
||
| 999 |
_c17095 _d17095 |
||